La investigación acción participativa: inicios y desarrollos

Guardat en:
Dades bibliogràfiques
Autors principals: Lewin, Kurt (Autor), Tax, Sol (Autor), Stavenhagen, Rodolfo (Autor), Fals Borda, Orlando (Autor), Zamosc, León (Autor), Kemmis, Stephen (Autor), Rahman, Anisur (Autor)
Format: Llibre
Idioma:espanyol
Publicat: Buenos Aires Humanitas 1992
Col·lecció:Biblioteca de educación de adultos
Matèries:
Etiquetes: Afegir etiqueta
Sense etiquetes, Sigues el primer a etiquetar aquest registre!

MARC

LEADER 00000nam a2200000 a 4500
001 UCS3610
003 CL-VaPUC
008 970704e19920000AG |||||||||||||||||spa|d
082 0 4 |a 300.72  |b LEW  |2 21 
100 |a Lewin, Kurt  |e author  |9 312087 
700 0 |a Tax, Sol  |e author  |9 389792 
700 0 |a Stavenhagen, Rodolfo  |e author  |9 389793 
700 0 |a Fals Borda, Orlando  |e author  |9 389794 
700 0 |a Zamosc, León  |e author  |9 389795 
700 |a Kemmis, Stephen  |e author  |9 411334 
700 0 |a Rahman, Anisur  |e author  |9 389797 
245 1 3 |a La investigación acción participativa: inicios y desarrollos 
300 |a 230 p 
942 |c BK 
945 |d 19970704 00:00:00  |a amoreno 
260 |a Buenos Aires  |b Humanitas  |c 1992 
650 0 |a Investigación social   |9 307814 
650 7 |a MINORIAS ETNICAS  |2 CL-VaPUC  |9 341212 
650 0 |a Antropología   |9 233030 
650 0 |a Ciencias sociales   |9 256351 
650 7 |a PUEBLO  |2 CL-VaPUC  |9 357604 
650 0 |a Sociología   |9 255410 
650 0 |a Metodologías  |9 374441 
650 7 |a TEORIA  |2 CL-VaPUC  |9 389798 
650 0 |a Educación  |9 258661 
583 |a last modification  |c 19970704 00:00:00  |k Rodrigo Vera 
490 0 |a Biblioteca de educación de adultos 
999 |c 261246  |d 261244 
952 |0 0  |1 0  |4 0  |6 300_720000000000000_LEW_1992  |7 0  |8 A  |9 288515  |a BIBGIM  |b BIBGIM  |d 2019-11-19  |i 3327299  |o 300.72 LEW 1992  |p 3327299  |r 2025-01-15  |w 2019-11-19  |y BK  |k SSL